<?xml version="1.0" encoding="UTF-8"?><?xml-stylesheet type="text/xsl" href="static/style.xsl"?><OAI-PMH xmlns="http://www.openarchives.org/OAI/2.0/" xmlns:xsi="http://www.w3.org/2001/XMLSchema-instance" xsi:schemaLocation="http://www.openarchives.org/OAI/2.0/ http://www.openarchives.org/OAI/2.0/OAI-PMH.xsd"><responseDate>2026-04-17T06:46:13Z</responseDate><request verb="GetRecord" identifier="oai:www.recercat.cat:11351/10349" metadataPrefix="marc">https://recercat.cat/oai/request</request><GetRecord><record><header><identifier>oai:recercat.cat:11351/10349</identifier><datestamp>2025-10-24T10:16:26Z</datestamp><setSpec>com_2072_378070</setSpec><setSpec>com_2072_378040</setSpec><setSpec>col_2072_378092</setSpec></header><metadata><record xmlns="http://www.loc.gov/MARC21/slim" xmlns:dcterms="http://purl.org/dc/terms/" xmlns:xsi="http://www.w3.org/2001/XMLSchema-instance" xmlns:doc="http://www.lyncode.com/xoai" xsi:schemaLocation="http://www.loc.gov/MARC21/slim http://www.loc.gov/standards/marcxml/schema/MARC21slim.xsd">
   <leader>00925njm 22002777a 4500</leader>
   <datafield ind2=" " ind1=" " tag="042">
      <subfield code="a">dc</subfield>
   </datafield>
   <datafield ind2=" " ind1=" " tag="720">
      <subfield code="a">Pontes, Caridad</subfield>
      <subfield code="e">author</subfield>
   </datafield>
   <datafield ind2=" " ind1=" " tag="720">
      <subfield code="a">Vallano, Antonio</subfield>
      <subfield code="e">author</subfield>
   </datafield>
   <datafield ind2=" " ind1=" " tag="720">
      <subfield code="a">Agustí, Antònia</subfield>
      <subfield code="e">author</subfield>
   </datafield>
   <datafield ind2=" " ind1=" " tag="260">
      <subfield code="c">2023-09-26T10:11:34Z</subfield>
   </datafield>
   <datafield ind2=" " ind1=" " tag="260">
      <subfield code="c">2023-09-26T10:11:34Z</subfield>
   </datafield>
   <datafield ind2=" " ind1=" " tag="260">
      <subfield code="c">2023-08-31</subfield>
   </datafield>
   <datafield ind2=" " ind1=" " tag="520">
      <subfield code="a">European Union; Antineoplastic agents; Drug costs</subfield>
   </datafield>
   <datafield ind2=" " ind1=" " tag="520">
      <subfield code="a">Unió Europea; Agents antineoplàstics; Costos dels medicaments</subfield>
   </datafield>
   <datafield ind2=" " ind1=" " tag="520">
      <subfield code="a">Unión Europea; Agentes antineoplásicos; Costos de medicamentos</subfield>
   </datafield>
   <datafield ind2=" " ind1=" " tag="520">
      <subfield code="a">The European Medicines Agency (EMA) fosters access to innovative medicines through accelerated procedures and flexibility in the authorization requirements for diseases with unmet medical needs, such as many rare diseases as well as oncological diseases. However, the resulting increase of medicines being marketed with conditional authorizations and in exceptional circumstances has lead to higher clinical uncertainty about their efficacy and safety than when the standard authorizations are applied. This uncertainty has significant implications for clinical practice and the negotiation of pricing and reimbursement, particularly as high prices are based on assumptions of high value, supported by regulatory prioritization. The burden of clinical development is often shifted towards public healthcare systems, resulting in increased spending budgets and opportunity costs. Effective management of uncertainty, through appropriate testing and evaluation, and fair reflection of costs and risks in prices, is crucial. However, it is important not to sacrifice essential elements of evidence-based healthcare for the sake of access to new treatments. Balancing sensitive and rational access to new treatments, ensuring their safety, efficacy, and affordability to healthcare systems requires thoughtful decision-making. Ultimately, a responsible approach to timely access to innovative medicines that balances the needs of patients with healthcare systems’ concerns is necessary. This approach emphasizes the importance of evidence-based decision-making and fair pricing and reimbursement.</subfield>
   </datafield>
   <datafield ind1="8" ind2=" " tag="024">
      <subfield code="a">http://hdl.handle.net/11351/10349</subfield>
   </datafield>
   <datafield tag="653" ind2=" " ind1=" ">
      <subfield code="a">Decisió, Presa de</subfield>
   </datafield>
   <datafield tag="653" ind2=" " ind1=" ">
      <subfield code="a">Cost-eficàcia</subfield>
   </datafield>
   <datafield tag="653" ind2=" " ind1=" ">
      <subfield code="a">Medicaments antineoplàstics</subfield>
   </datafield>
   <datafield tag="653" ind2=" " ind1=" ">
      <subfield code="a">Medicaments - Desenvolupament</subfield>
   </datafield>
   <datafield tag="653" ind2=" " ind1=" ">
      <subfield code="a">HEALTH CARE::Health Care Economics and Organizations::Economics::Costs and Cost Analysis</subfield>
   </datafield>
   <datafield tag="653" ind2=" " ind1=" ">
      <subfield code="a">TECHNOLOGY, INDUSTRY, AND AGRICULTURE::Technology, Industry, and Agriculture::Industry::Manufacturing Industry::Drug Industry::Orphan Drug Production</subfield>
   </datafield>
   <datafield tag="653" ind2=" " ind1=" ">
      <subfield code="a">ANALYTICAL, DIAGNOSTIC AND THERAPEUTIC TECHNIQUES, AND EQUIPMENT::Diagnosis::Clinical Decision-Making</subfield>
   </datafield>
   <datafield tag="653" ind2=" " ind1=" ">
      <subfield code="a">CHEMICALS AND DRUGS::Pharmaceutical Preparations</subfield>
   </datafield>
   <datafield tag="653" ind2=" " ind1=" ">
      <subfield code="a">ATENCIÓN DE SALUD::economía y organizaciones para la atención de la salud::economía::costes y análisis de costes</subfield>
   </datafield>
   <datafield tag="653" ind2=" " ind1=" ">
      <subfield code="a">TECNOLOGÍA, INDUSTRIA Y AGRICULTURA::tecnología, industria y agricultura::industria::industria fabril::industria farmacéutica::producción de medicamentos huérfanos</subfield>
   </datafield>
   <datafield tag="653" ind2=" " ind1=" ">
      <subfield code="a">TÉCNICAS Y EQUIPOS ANALÍTICOS, DIAGNÓSTICOS Y TERAPÉUTICOS::diagnóstico::toma de decisiones clínicas</subfield>
   </datafield>
   <datafield tag="653" ind2=" " ind1=" ">
      <subfield code="a">COMPUESTOS QUÍMICOS Y DROGAS::preparados farmacéuticos</subfield>
   </datafield>
   <datafield ind2="0" ind1="0" tag="245">
      <subfield code="a">The challenges of access to innovative medicines with limited evidence in the European Union</subfield>
   </datafield>
</record></metadata></record></GetRecord></OAI-PMH>